|
|
|
|
| LEADER |
00000nab a2200000 a 4500 |
| 001 |
vtls011708425 |
| 003 |
SK-MaSNL |
| 005 |
20260305031648.0 |
| 008 |
170824 2017 xo q 000 0 slo |
| 038 |
|
|
|a PPPK
|
| 040 |
|
|
|a PPPKCL
|b slo
|c PPPK
|e AACR2
|
| 041 |
0 |
|
|a slo
|
| 044 |
|
|
|a xo
|c SK
|
| 080 |
|
|
|a 657.312.2
|2 2011
|
| 245 |
0 |
0 |
|a Navýšenie rozpočtu mesta o takmer 190 tis. eur
|
| 500 |
|
|
|a Autor článku nie je uvedený.
|
| 610 |
1 |
7 |
|a Spišská Belá (Slovensko).
|b Mestské zastupiteľstvo
|2 pppkcl
|9 178950
|
| 648 |
|
7 |
|a 1.6.2017
|2 pppkcl
|9 1325580
|
| 650 |
0 |
7 |
|a samospráva
|2 pppkcl
|9 4165
|
| 650 |
0 |
7 |
|a finančné rozpočty
|2 pppkcl
|9 161316
|
| 650 |
0 |
7 |
|a ekonomika
|2 pppkcl
|9 789
|
| 651 |
|
7 |
|a Spišská Belá (Slovensko)
|2 pppkcl
|9 16198
|
| 651 |
|
7 |
|a Kežmarok (Slovensko : okres)
|2 pppkcl
|9 51824
|
| 773 |
0 |
|
|t Spišskobeliansky spravodaj
|g Roč. 15, č. 6 (2017), s. 12
|x 1339-1534
|
| 852 |
|
|
|a PPPK
|b KIS3GCP
|
| 999 |
|
|
|c 3316957
|d 3318887
|